Types of Alcohol - Statistics

General Stats
  • This quiz has been taken 506 times
  • The average score is 7 of 10
Answer Stats
Popular Brands Answer % Correct
Budweiser, Amstel, Heineken Beer
99%
Skyy, Ciroc, Absolut Vodka
97%
Jim Beam, Jack Daniels Whiskey
93%
Jordan Vineyard Wine
92%
Goslings, Bacardi, Sailor Jerry Rum
89%
Beefeater, Tanqueray Gin
75%
Cabo Wabo, Patron Tequila
71%
Remy, Hennessy, Martell Brandy
43%
Dimino, Sambuca Ouzo
12%
Pernod, Harris Absinthe
6%
No matching quizzes found
Score Distribution
Percent of People with Each Score
Percentile by Number Answered
Your Score History
You have not taken this quiz